Klimax lesných ekosystémov - mýtus a realita

Prales, prírodný les, prirodzený les - charakteristika, rozlišovanie uvedených formácií lesa. Klimax predstavuje koncové štádium prírodnej sukcesie. Klimaxová lesná geobiocenóza. Klimaxové lesy prírodných rezervácií. Mýtus o klimaxových lesoch Tatranského národného parku. Realita o klimaxových lesoc...

Descripción completa

Guardado en:
Detalles Bibliográficos
Autor principal: Vološčuk, Ivan
Formato: Capítulo de libro
Lenguaje:eslovaco
Materias:
Etiquetas: Agregar Etiqueta
Sin Etiquetas, Sea el primero en etiquetar este registro!

MARC

LEADER 00000naa a2200000 4500
001 0143697
005 20231128133326.4
041 0 |a slo 
044 |a SK 
245 1 0 |a Klimax lesných ekosystémov - mýtus a realita  |c Ivan Vološčuk 
520 |a Prales, prírodný les, prirodzený les - charakteristika, rozlišovanie uvedených formácií lesa. Klimax predstavuje koncové štádium prírodnej sukcesie. Klimaxová lesná geobiocenóza. Klimaxové lesy prírodných rezervácií. Mýtus o klimaxových lesoch Tatranského národného parku. Realita o klimaxových lesoch Tatranského národného parku. 
610 2 0 |a lesy 
610 2 0 |a ekológia 
610 2 0 |a ochrana prostredia životného 
610 2 0 |a Slovensko 
100 1 |a Vološčuk, Ivan